• 首页
  • 本馆介绍
  • 公告通知
  • 最新文献
  • 馆藏检索
  • 电子资源
  • 读者导购
  • 参考咨询
  • 我的图书馆
  • 登录
  • 详细信息显示
  • 放入我的书架
  • 预约/预借图书
  • 作者相关作品
  • 分类相关作品
  • 丛书相关作品
  • 出版社相关作品

书目信息

  • 表格格式
  • 工作单格式
  • 卡片格式
题名:
世界现代史
    
 
作者: 王斯德
分册:  
出版信息: 北京   高等教育出版社  1988
页数: 489
开本: 20cm
丛书名:
单 册:
中图分类: K15 , K43
科图分类:
主题词: 西非--历史
电子资源:
ISBN: 7-04-000953-6
000 00503nam0 2200193 450
001 2634631875
005 20260414093740.15
010    @a7-04-000953-6@d6.75
100    @a20070904d km y0chiy0120 ea
101 0  @achi
200 1  @a世界现代史@Ashi jie xian dai shi@f王斯德@Fwang si de
210    @a北京@c高等教育出版社@d1988
215    @a489@d20cm
606 0  @a西非@x历史
690    @aK15@v3
690    @aK43@v4
701  0 @a王斯德@Awang si de
801  0 @aCN@bPFT@c20070904
905    @a213230@dK43@e22@f1
    
    世界现代史/王斯德.-北京:高等教育出版社,1988
    489;20cm
    
    
    ISBN 7-04-000953-6:6.75
    
●
相关链接 在E读中查询图书 在五车中查询图书 在当当中查询图书 在豆瓣中查询图书


正题名:世界现代史     索取号:K43/22         预约/预借

序号 登录号 条形码 馆藏地/架位号 状态 备注
1 1442609   214426094   第二样本阅览室/ [索取号:K43/22] 在馆    
唐山师范学院图书馆 欢迎您!
大连网信软件有限公司© 版权所有